000 01858cam a22004574i 4500
003 PE-LiUPU
005 20250731172711.0
008 150617s1983 sp r 000 0 spa d
020 _a8472287734
035 _a(Sirsi) i9788472287730
040 _aPE-LiUPU
_bspa
_cPE-LiUPU
_erda
049 _aPRUA
082 0 4 _a200
_bT37
_221
100 1 _aTenney, Merill C.,
_eautor.
245 1 0 _acaminos por lo que debe andar el cristiano /
_cMerill C. Tenney.
264 1 _aBarcelona :
_bClie,
_c1983.
300 _a126 páginas ;
_c17 centímetros.
336 _atext
_2rdacontent
337 _aunmediated
_2rdamedia
338 _avolume
_2rdacarrier
505 0 _aEl camino de Belen: la ruta de la fe -- El camino al desierto: La ruta de la tentación -- El camino de Galilea: La ruta de la responsabilidad -- El camino de Jerico: La ruta de la vida -- El camino del calvario: La ruta del sacrificio -- El camino de Emaús: La ruta de la certidumbre -- El camino de Damasco: La ruta de la crisis -- El camino de Gaza: La ruta de la dirección -- El camino de Jerusalem: La ruta del peligro -- El camino de Roma: La ruta del servicio.
526 _aSEG42
526 _aSEG41
526 _aSEG40
526 _aSEG39
526 _aP94
526 _aP87
526 _aP86
526 _aP85
526 _aP77
526 _aP76
526 _aP35
650 0 4 _aCRISTIANISMO.
910 _ajck
_bjvq
_cjck
_d20150616
942 _2ddc
_cBOOK
949 _a200 T37
_wDEWEY
_c1
_i25945
_lCCODEBUL1
_mBUL
_r0
_sY
_tBOOK
_u2015-6-17
_xTEOLOGIA
_PP35
_0COMPRA
_o.STAFF. Colección Teología
994 _aC0
_bPEPRU
596 _a1
999 _a200 T37
_wDEWEY
_c683
_i25945
_f2021-11-9
_g5
_lCCODEBUL1
_mBUL
_p30.00
_r0
_sY
_tBOOK
_u2015-6-17
_xTEOLOGIA
_PP35
_0COMPRA
_o.STAFF. Colección Teología
_d683
980 _81
_gALBERTO SANCHEZ Responsable de Automatización